[Event "Chigorin Memorial"]
[Site "St Petersburg RUS"]
[Date "2013.10.07"]
[Round "3.36"]
[White "Neverov, Valeriy"]
[Black "Solovyov, Viktor"]
[Result "1-0"]
[WhiteTitle "GM"]
[WhiteElo "2505"]
[BlackElo "2298"]
[WhiteFideId "14100150"]
[BlackFideId "4102754"]
[EventDate "2013.10.05"]

1. c4 Nf6 2. d4 e6 3. Nc3 Bb4 4. e3 b6 5. Bd3 Bb7 6. Nf3 O-O 7. O-O Bxc3 8. bxc3
Be4 9. Be2 c5 10. Nd2 Bg6 11. Ba3 Nc6 12. dxc5 Qe7 13. Nb3 Rac8 14. Qd6 Qxd6 15.
cxd6 Ne4 16. Rfc1 Ne5 17. f3 Nf6 18. c5 Bd3 19. Bxd3 Nxd3 20. Rd1 Nxc5 21. Nxc5
bxc5 22. e4 Rc6 23. Rab1 Rd8 24. c4 e5 25. Rb5 a6 26. Ra5 Rdc8 27. Bb2 Re8 28.
Ba3 Rec8 29. Bb2 Re8 30. Bc3 Re6 31. Rd5 Ne8 32. Raxc5 Nxd6 33. Rxc6 dxc6 34.
Rc5 Nb7 35. Rxe5 Rxe5 36. Bxe5 f6 37. Bc7 Kf7 38. Kf2 Ke6 39. Ke3 Kd7 40. Bg3 c5
41. Bf2 Nd6 42. Kd3 Kc6 43. g4 Nf7 44. Bg3 g6 45. f4 Nh6 46. h3 f5 47. gxf5 gxf5
48. Bh4 Kd6 49. Bg5 fxe4+ 50. Kxe4 Nf7 51. Bh4 Ke6 52. f5+ Kd6 53. Bg3+ Ke7 54.
Kd5 Kf6 55. Kxc5 Kxf5 56. Kb6 Ke6 57. Kxa6 Ng5 58. a4 Nxh3 59. Kb6 Ng5 60. a5 1-0

[Event "Chigorin Memorial"]
[Site "St Petersburg RUS"]
[Date "2013.10.07"]
[Round "3.37"]
[White "Duzhakov, Ilya"]
[Black "Al-Sayed, Mohammed"]
[Result "0-1"]
[WhiteTitle "FM"]
[BlackTitle "GM"]
[WhiteElo "2326"]
[BlackElo "2498"]
[WhiteFideId "4192516"]
[BlackFideId "12100196"]
[EventDate "2013.10.05"]

1. d4 Nf6 2. c4 g6 3. g3 c5 4. Nf3 Bg7 5. Bg2 O-O 6. O-O cxd4 7. Nxd4 d5 8. cxd5
Nxd5 9. Nb5 a6 10. e4 Nb4 11. Qxd8 Rxd8 12. Nc7 Nc2 13. Nxa8 Nxa1 14. Nc3 Nc6
15. Nb6 Nc2 16. Nbd5 b5 17. a3 h6 18. Rd1 Kf8 19. Ne3 Rxd1+ 20. Ncxd1 N6d4 21.
Bd2 Nb3 22. Bc3 Bxc3 23. Nxc3 Nxe3 24. fxe3 Nd2 25. h3 Nc4 26. Nd1 Kg7 27. Kf2
Kf6 28. Ke2 Ke5 29. Kd3 Bb7 30. a4 Nd6 31. axb5 axb5 32. Nf2 f5 33. Kc3 Bxe4 34.
Bf1 Bd5 35. Kb4 Bc4 36. Bg2 Be2 37. b3 g5 38. Bc6 f4 39. exf4+ gxf4 40. gxf4+
Kxf4 41. Bd7 h5 42. h4 Kg3 43. Nh3 Bg4 0-1

[Event "Chigorin Memorial"]
[Site "St Petersburg RUS"]
[Date "2013.10.07"]
[Round "3.38"]
[White "Gvanceladze, Anna"]
[Black "Malakhov, Igor"]
[Result "0-1"]
[WhiteTitle "WFM"]
[BlackTitle "FM"]
[WhiteElo "2219"]
[BlackElo "2434"]
[WhiteFideId "4113721"]
[BlackFideId "4183088"]
[EventDate "2013.10.05"]

1. d4 Nf6 2. Nf3 e6 3. Bg5 h6 4. Bxf6 Qxf6 5. e4 d6 6. Nc3 Nd7 7. Qd2 Qe7 8. Bd3
a6 9. Ne2 g6 10. Qc3 Nb6 11. e5 Bg7 12. O-O O-O 13. Rfe1 Nd5 14. Qd2 c5 15. c3
b5 16. Rad1 Bb7 17. Ng3 cxd4 18. cxd4 Rfd8 19. exd6 Qxd6 20. Ne4 Qf4 21. Nc5
Qxd2 22. Rxd2 Ra7 23. Nxb7 Rxb7 24. Rc1 Rbd7 25. a4 Nb4 26. Bf1 bxa4 27. Ra1
Bxd4 28. Rxa4 Bc5 29. Rxd7 Rxd7 30. g3 Rd1 31. Kg2 Rb1 32. Bxa6 Rxb2 33. Ne5
Rxf2+ 34. Kh3 Nxa6 35. Rxa6 Re2 0-1

[Event "Chigorin Memorial"]
[Site "St Petersburg RUS"]
[Date "2013.10.07"]
[Round "3.39"]
[White "Mokshanov, Alexey"]
[Black "Ageichenko, Genadi A"]
[Result "1-0"]
[WhiteTitle "FM"]
[BlackTitle "IM"]
[WhiteElo "2411"]
[BlackElo "2296"]
[WhiteFideId "24121657"]
[BlackFideId "4105222"]
[EventDate "2013.10.05"]

1. e4 e5 2. Nf3 Nc6 3. d4 exd4 4. Nxd4 Bc5 5. Nxc6 Qf6 6. Qf3 bxc6 7. Nd2 d6 8.
Nb3 Bb6 9. Bd2 Qxf3 10. gxf3 Ne7 11. c4 c5 12. Rg1 O-O 13. Bc3 f6 14. f4 Nc6 15.
O-O-O a5 16. a4 Bd7 17. Nd2 Nd4 18. b3 f5 19. e5 Rae8 20. Re1 Bc6 21. Bg2 Bxg2
22. Rxg2 dxe5 23. fxe5 Ne6 24. Kc2 c6 25. Rgg1 Bc7 26. Nf3 h6 27. h4 Kh7 28. h5
f4 29. Nh4 Bd8 30. Rg4 Rf7 31. Re4 Bxh4 32. Rxh4 Rb8 33. Re1 Rd7 34. Rhh1 Nd4+
35. Bxd4 cxd4 36. Re4 f3 37. e6 Re7 38. Rhe1 c5 39. Re5 Rc8 40. Rf5 Rc6 41. Rf7
Rcc7 42. Rxf3 Kg8 43. Rf5 Rc6 44. Rfe5 Kf8 45. f4 Rb7 46. f5 d3+ 47. Kc3 Ke7 48.
Rg1 g5 49. hxg6 Rcb6 50. Rb1 Kf6 51. Rxc5 1-0

[Event "Chigorin Memorial"]
[Site "St Petersburg RUS"]
[Date "2013.10.07"]
[Round "3.41"]
[White "Pasiev, Rakhim"]
[Black "Golubov, Saveliy"]
[Result "0-1"]
[WhiteTitle "IM"]
[WhiteElo "2385"]
[BlackElo "2233"]
[WhiteFideId "24122475"]
[BlackFideId "24176729"]
[EventDate "2013.10.05"]

1. e4 e6 2. d4 d5 3. Nc3 Bb4 4. e5 c5 5. Qg4 Ne7 6. dxc5 Bxc3+ 7. bxc3 Qa5 8.
Bd2 O-O 9. Nf3 Nbc6 10. Bd3 Ng6 11. Qh5 Qxc5 12. O-O Nce7 13. Ng5 h6 14. Nf3 Bd7
15. Rab1 b6 16. Rb4 Be8 17. Rg4 f5 18. exf6 Rxf6 19. Ne5 Nf4 20. Qh4 Nh5 21. Be3
Qc7 22. Bd4 Nf5 23. Qh3 Qe7 24. Re1 Qf8 25. Bxf5 Rxf5 26. Qe3 Nf6 27. Rh4 Ne4
28. f3 Nd6 29. Rg4 Rf6 30. Nd3 Nf5 31. Qd2 Nxd4 32. cxd4 Rc8 33. c3 Qa3 34. Rc1
Bg6 35. Ne5 Bf5 36. Rh4 Rc7 37. g4 Bh7 38. f4 Rf8 39. g5 Bf5 40. gxh6 gxh6 41.
Ng4 Rg7 42. h3 h5 43. Rxh5 Bxg4 44. hxg4 Rxg4+ 45. Kh2 Qd6 46. Rf1 Rfxf4 47.
Rxf4 Qxf4+ 48. Qxf4 Rxf4 49. Kg2 Kg7 50. Re5 Kf6 51. Rh5 Ke7 52. Rh7+ Rf7 53.
Rxf7+ Kxf7 54. Kf3 Ke7 55. Ke3 Kd6 56. Kf4 b5 57. Ke3 Ke7 58. Kf3 Kf6 59. Kf4 a6
60. Ke3 Kg5 61. a3 Kg4 62. Ke2 Kf4 63. Kf2 Ke4 64. Ke2 a5 65. Kd2 b4 0-1

[Event "Chigorin Memorial"]
[Site "St Petersburg RUS"]
[Date "2013.10.07"]
[Round "3.42"]
[White "Tugarin, Anton"]
[Black "Demchenko, Anton"]
[Result "0-1"]
[BlackTitle "GM"]
[WhiteElo "2188"]
[BlackElo "2632"]
[WhiteFideId "24151246"]
[BlackFideId "4160258"]
[EventDate "2013.10.05"]

1. Nf3 Nf6 2. c4 d6 3. d4 Nbd7 4. Nc3 e5 5. e4 Be7 6. Be2 O-O 7. O-O c6 8. Be3
Re8 9. d5 Nf8 10. Ne1 Ng6 11. Nd3 h6 12. b4 Bd7 13. a4 a5 14. bxa5 Qxa5 15. Qb3
c5 16. Bd2 Reb8 17. Rfb1 Qd8 18. Ra2 Qe8 19. f3 h5 20. a5 h4 21. Bd1 Nh5 22. Qb2
Nhf4 23. Nf2 Bd8 24. Nb5 Ra6 25. Qc2 Qe7 26. Rba1 Rba8 27. Ng4 Nh5 28. Ra3 Ngf4
29. Be1 g6 30. R1a2 Ng7 31. g3 Nfh5 32. Qc1 f5 33. Ne3 Qg5 34. Rg2 hxg3 35. hxg3
fxe4 36. fxe4 Bxa5 37. Bxa5 Rxa5 38. Rxa5 Rxa5 39. Qc3 Bxb5 40. Qxa5 Qxe3+ 41.
Kh2 Bxc4 42. Qd8+ Kh7 43. Qxd6 Bf1 44. Bxh5 gxh5 45. Ra2 Bc4 46. Rb2 Qxe4 47.
Qxc5 Bxd5 0-1

[Event "Chigorin Memorial"]
[Site "St Petersburg RUS"]
[Date "2013.10.07"]
[Round "3.43"]
[White "Emdin, Mark"]
[Black "Predke, Alexandr"]
[Result "0-1"]
[WhiteElo "2177"]
[BlackElo "2464"]
[WhiteFideId "4100050"]
[BlackFideId "24107581"]
[EventDate "2013.10.05"]

1. e4 e5 2. Nf3 Nc6 3. Bc4 Bc5 4. c3 Nf6 5. d3 O-O 6. O-O d5 7. exd5 Nxd5 8. Re1
Bg4 9. h3 Bh5 10. g4 Bg6 11. Nxe5 Nxe5 12. Rxe5 c6 13. d4 Bd6 14. Re1 f5 15. g5
f4 16. Qg4 Bf5 17. Qh4 h6 18. Nd2 hxg5 19. Qh5 Rf6 20. Qf3 Bc7 21. Bf1 Rg6 22.
Bg2 Qd7 23. Ne4 g4 24. hxg4 Bxg4 25. Qd3 f3 26. Ng3 Qf7 27. c4 Bxg3 28. cxd5 Bd6 0-1

[Event "Chigorin Memorial"]
[Site "St Petersburg RUS"]
[Date "2013.10.07"]
[Round "3.44"]
[White "Kalinin, Nikita"]
[Black "Baghdasaryan, Vahe"]
[Result "0-1"]
[BlackTitle "IM"]
[WhiteElo "2167"]
[BlackElo "2395"]
[WhiteFideId "24155390"]
[BlackFideId "13303139"]
[EventDate "2013.10.05"]

1. d4 d5 2. c4 c6 3. cxd5 cxd5 4. Bf4 Nc6 5. e3 a6 6. Nc3 Nf6 7. Bd3 Bg4 8. Nge2
e6 9. Rc1 Bd6 10. f3 Bh5 11. g4 Bg6 12. h4 Bxd3 13. Qxd3 O-O 14. h5 Bxf4 15.
exf4 Ne8 16. Kf2 Nd6 17. b3 Rc8 18. Na4 Qf6 19. Nc5 Rc7 20. a4 Rfc8 21. h6 g6
22. Qe3 Nxd4 23. Nxd4 Rxc5 24. g5 Qh8 25. Rxc5 Rxc5 26. Re1 Rc8 27. Nxe6 Nf5 28.
Qb6 Qb2+ 29. Re2 Qc1 30. Nd8 Rc2 31. Nxb7 Rxe2+ 32. Kxe2 Qc2+ 33. Ke1 Qc3+ 34.
Kd1 Qxf3+ 35. Ke1 Qe4+ 36. Kd1 Ne3+ 37. Kd2 Qg2+ 38. Kd3 Qf1+ 39. Kd4 Qxf4+ 40.
Kc5 Qxg5 41. Qd6 Qxh6 42. Qxa6 Qh2 43. Qd6 Qc2+ 44. Kb4 Qd2+ 45. Kb5 Qd3+ 46.
Kc6 Qc3+ 47. Nc5 Nf5 48. Qb8+ Kg7 49. b4 Qf6+ 50. Kxd5 Ne7+ 51. Kc4 Nc6 52. Qb7
h5 53. a5 h4 54. a6 h3 55. a7 Nxa7 0-1

[Event "Chigorin Memorial"]
[Site "St Petersburg RUS"]
[Date "2013.10.07"]
[Round "3.45"]
[White "Ponomarev, Dmitry"]
[Black "Drachev, Oleg"]
[Result "1-0"]
[WhiteTitle "IM"]
[WhiteElo "2395"]
[BlackElo "2176"]
[WhiteFideId "24112046"]
[BlackFideId "24193933"]
[EventDate "2013.10.05"]

1. c4 Nf6 2. d4 e6 3. a3 b6 4. Nc3 Bb7 5. d5 e5 6. Nf3 d6 7. e4 g6 8. g3 Bg7 9.
Bg2 O-O 10. O-O a5 11. Ne1 Ba6 12. b3 Ne8 13. Qe2 Nd7 14. Rb1 f5 15. b4 axb4 16.
axb4 Kh8 17. Bd2 Nef6 18. Nc2 Ng8 19. Ra1 f4 20. Ra3 Bh6 21. Rfa1 Bb7 22. Nd1
Rxa3 23. Rxa3 c6 24. dxc6 Bxc6 25. Rd3 Qc7 26. Nc3 Ndf6 27. Be1 Ra8 28. Qd1 Ne8
29. Bf1 Ngf6 30. f3 fxg3 31. hxg3 Bd7 32. Ne3 Bxe3+ 33. Rxe3 Be6 34. Nd5 Nxd5
35. cxd5 Bd7 36. Rc3 Qa7 37. Bf2 Qb7 38. Qc1 Kg7 39. f4 h6 40. fxe5 dxe5 41. Be3
h5 42. Bh6+ Kh7 43. Bf8 Rc8 44. Qh6+ Kg8 45. Qxg6+ Kxf8 46. Rf3+ Ke7 47. d6+ 1-0

[Event "Chigorin Memorial"]
[Site "St Petersburg RUS"]
[Date "2013.10.07"]
[Round "3.46"]
[White "Semenova, Elena1"]
[Black "Nakar, Eylon"]
[Result "0-1"]
[WhiteTitle "WIM"]
[BlackTitle "IM"]
[WhiteElo "2163"]
[BlackElo "2390"]
[WhiteFideId "24125148"]
[BlackFideId "2811111"]
[EventDate "2013.10.05"]

1. e4 c5 2. Nf3 d6 3. d4 cxd4 4. Nxd4 Nf6 5. Nc3 a6 6. f4 e5 7. Nf3 Nbd7 8. a4
Be7 9. Bd3 O-O 10. O-O Qc7 11. Kh1 Nc5 12. Qe2 Re8 13. fxe5 dxe5 14. Bg5 Be6 15.
Nh4 Kh8 16. Nf5 Ng8 17. Be3 Nxd3 18. cxd3 Rad8 19. Rac1 Qd7 20. Bb6 Rc8 21. Qe3
Bd8 22. Bc5 h6 23. Qf2 Bxf5 24. exf5 Nf6 25. Rcd1 Ng4 26. Qg1 Qc6 27. Ne4 Nf6
28. Nxf6 Bxf6 29. d4 e4 30. Rfe1 b6 31. Ba3 Qd5 32. Qf2 Rc4 33. b3 Rc3 34. Re3
Rxb3 35. Bc1 Rb4 36. Qe2 Rxd4 37. Rxd4 Bxd4 0-1

[Event "Chigorin Memorial"]
[Site "St Petersburg RUS"]
[Date "2013.10.07"]
[Round "3.47"]
[White "Nezad, Husein Aziz"]
[Black "Aminov, Andrey"]
[Result "1-0"]
[WhiteTitle "IM"]
[WhiteElo "2388"]
[BlackElo "2163"]
[WhiteFideId "12100293"]
[BlackFideId "24162728"]
[EventDate "2013.10.05"]

1. d4 Nf6 2. c4 g6 3. Nc3 Bg7 4. e4 d6 5. Nf3 O-O 6. Be2 e5 7. O-O Nc6 8. d5 Ne7
9. b4 Nh5 10. g3 f5 11. Ng5 Nf6 12. Bf3 fxe4 13. Ncxe4 Nf5 14. Bg2 Nxe4 15. Nxe4
a5 16. b5 b6 17. Bb2 Qe7 18. Qd2 Bd7 19. Rae1 Rae8 20. f4 Qd8 21. Rf2 exf4 22.
Rxf4 Be5 23. Rf2 Qe7 24. Bxe5 Qxe5 25. g4 Ng7 26. Nf6+ Qxf6 27. Rxf6 Rxf6 28.
Rxe8+ Nxe8 29. Qe3 Rf7 30. c5 bxc5 31. a4 Nf6 32. h3 h5 33. g5 Nh7 34. Qd2 Bf5
35. h4 Nf8 36. Qxa5 Bd3 37. Qc3 c4 38. Bh3 Rf3 39. Be6+ Nxe6 40. dxe6 Rf8 41. a5
Re8 42. Qf6 Rf8 43. Qd4 Rf1+ 44. Kh2 Re1 45. Qf6 c3 46. Qd8+ Kh7 47. Qxc7+ Kg8
48. b6 Re2+ 49. Kg3 1-0

[Event "Chigorin Memorial"]
[Site "St Petersburg RUS"]
[Date "2013.10.07"]
[Round "3.48"]
[White "Pogosian, Vladimir"]
[Black "Zaitsev, Alexander"]
[Result "0-1"]
[BlackTitle "IM"]
[WhiteElo "2150"]
[BlackElo "2386"]
[WhiteFideId "13301586"]
[BlackFideId "4164490"]
[EventDate "2013.10.05"]

1. f4 Nf6 2. Nf3 g6 3. d3 Bg7 4. g3 O-O 5. Bg2 d6 6. Nc3 Nc6 7. O-O e5 8. fxe5
dxe5 9. e4 Bg4 10. h3 Bxf3 11. Bxf3 Nd4 12. Bg2 Nd7 13. Ne2 Nc5 14. Be3 Qd6 15.
Nc1 Rfe8 16. Rf2 a5 17. h4 Qf8 18. h5 Bh6 19. Qd2 Bxe3 20. Qxe3 Qe7 21. Nb3
Ncxb3 22. axb3 Ne6 23. Raf1 Qg5 24. Qf3 Rf8 25. Bh3 Nd4 26. Qg4 Qxg4 27. Bxg4
Ra6 28. Kg2 Rc6 29. hxg6 hxg6 30. Bd1 Kg7 31. c3 Ne6 32. Bc2 Rd6 33. Ra1 b6 34.
Rd1 Rfd8 35. Rfd2 f5 36. exf5 gxf5 37. d4 exd4 38. Bxf5 Nc5 39. Rxd4 Rxd4 40.
cxd4 Nxb3 41. d5 a4 42. Kf3 b5 43. Bc2 Na5 44. Rh1 Nc4 45. Rh4 Rxd5 46. Rh7+ Kf6
47. Rxc7 Nxb2 48. Ke4 Rd2 49. Ke3 Rd6 50. Rb7 a3 51. Bb1 Nd1+ 52. Kf4 Nc3 53.
Bc2 a2 54. Bb3 0-1

[Event "Chigorin Memorial"]
[Site "St Petersburg RUS"]
[Date "2013.10.07"]
[Round "3.49"]
[White "Pyatin, Alexander"]
[Black "Akkozov, Berik"]
[Result "0-1"]
[BlackTitle "FM"]
[WhiteElo "2146"]
[BlackElo "2384"]
[WhiteFideId "24125920"]
[BlackFideId "13704214"]
[EventDate "2013.10.05"]

1. e4 e6 2. d3 c5 3. g3 Nc6 4. Bg2 Nf6 5. f4 d5 6. e5 Nd7 7. Nf3 Be7 8. O-O O-O
9. c3 b5 10. d4 Rb8 11. Be3 Ba6 12. Qc2 b4 13. Re1 Qc8 14. f5 cxd4 15. Bxd4 bxc3
16. bxc3 Nxd4 17. Nxd4 Nc5 18. Re3 Bg5 19. Rf3 Ne4 20. h4 Be7 21. Nd2 exf5 22.
Nxf5 Bc5+ 23. Kh2 g6 24. Nh6+ Kg7 25. Bh3 Qb7 26. Ng4 Qb2 0-1

[Event "Chigorin Memorial"]
[Site "St Petersburg RUS"]
[Date "2013.10.07"]
[Round "3.50"]
[White "Solovjov, Sergey I."]
[Black "Tkachev, Ivan"]
[Result "1-0"]
[WhiteTitle "IM"]
[WhiteElo "2381"]
[BlackElo "2156"]
[WhiteFideId "4122780"]
[BlackFideId "4186885"]
[EventDate "2013.10.05"]

1. e4 c6 2. d4 d5 3. f3 Nf6 4. e5 Nfd7 5. f4 c5 6. c3 e6 7. Nf3 Nc6 8. a3 Be7 9.
b4 b6 10. Bd3 f5 11. exf6 Nxf6 12. Ne5 Bd7 13. Nd2 cxd4 14. Nxd7 Qxd7 15. Nf3
Ne4 16. b5 Na5 17. O-O dxc3 18. Ne5 Bc5+ 19. Kh1 Qe7 20. Bxe4 dxe4 21. Qh5+ g6
22. Nxg6 Qf7 23. Qe5 Rg8 24. Qxe4 O-O-O 25. Ne5 Qb7 26. Nc6 Nxc6 27. bxc6 Qg7
28. f5 c2 29. Bf4 Bd6 30. f6 Qg6 31. Qxg6 hxg6 32. f7 Rgf8 33. Bh6 Rh8 34. Bg7
Rxh2+ 35. Kg1 Rh5 36. f8=Q Bh2+ 37. Kf2 Rxf8+ 38. Bxf8 Rf5+ 39. Ke3 Rd5 40. Rac1 1-0

[Event "Chigorin Memorial"]
[Site "St Petersburg RUS"]
[Date "2013.10.07"]
[Round "3.51"]
[White "Ovod, Evgenija"]
[Black "Kharmunova, Nadezhda"]
[Result "1-0"]
[WhiteTitle "IM"]
[BlackTitle "WIM"]
[WhiteElo "2373"]
[BlackElo "2148"]
[WhiteFideId "4131827"]
[BlackFideId "4195876"]
[EventDate "2013.10.05"]

1. d4 d5 2. c4 e6 3. Nc3 Be7 4. cxd5 exd5 5. Bf4 Nf6 6. e3 O-O 7. Bd3 Re8 8. Nf3
c6 9. h3 Nbd7 10. g4 Nf8 11. Ne5 Bd6 12. Bg3 Ne4 13. Bxe4 dxe4 14. Nxe4 Bb4+ 15.
Nc3 Be6 16. Nd3 Bxc3+ 17. bxc3 Qa5 18. Qd2 Nd7 19. e4 c5 20. f3 Rac8 21. Bf2 Bc4
22. Be3 Bxd3 23. Qxd3 cxd4 24. Bxd4 Nc5 25. Qb1 Qc7 26. Kf2 Red8 27. Qd1 Qf4 28.
Qe2 Re8 29. Kg2 Ne6 30. Rab1 Qd6 31. Qd2 Nf4+ 32. Kf2 Qh6 33. Kf1 Red8 34. h4
Qa6+ 35. Kf2 Ne6 36. Rhd1 Rc4 37. Qb2 Ra4 38. Rd2 Qd6 39. e5 Qe7 40. Kg3 g5 41.
h5 b6 42. Re1 Qc7 43. Re4 Rc4 44. Qb5 Rc8 45. Re1 Kg7 46. Qb1 h6 47. Qf5 Qe7 48.
Qf6+ Qxf6 49. exf6+ Kh7 50. Be5 Rd8 51. Rxd8 Nxd8 52. Bd6 Rc6 53. Bb8 Rxf6 54.
Bxa7 Rc6 55. Rb1 Rxc3 56. Bxb6 Ne6 57. a4 Nf4 58. Rb2 Nd3 59. Re2 Nf4 60. Rd2
Nd3 61. a5 Ne5 62. Bd4 Rxf3+ 63. Kg2 Ra3 64. Bxe5 Rxa5 65. Bf6 Ra4 66. Kg3 Ra5
67. Kh2 Ra4 68. Rd4 Ra7 69. Kg3 Ra6 70. Be5 Ra5 71. Re4 Ra3+ 72. Kf2 Kg8 73. Re3
Ra4 74. Kf3 Rc4 75. Rc3 1-0

[Event "Chigorin Memorial"]
[Site "St Petersburg RUS"]
[Date "2013.10.07"]
[Round "3.52"]
[White "Androsov, Sergey"]
[Black "Ben Artzi, Ido"]
[Result "0-1"]
[WhiteElo "2114"]
[BlackElo "2370"]
[WhiteFideId "4102681"]
[BlackFideId "2810913"]
[EventDate "2013.10.05"]

1. e4 e5 2. Nf3 Nc6 3. Bb5 a6 4. Ba4 Nf6 5. O-O Be7 6. Re1 b5 7. Bb3 d6 8. c3
O-O 9. h3 Nb8 10. d4 Nbd7 11. Nbd2 Bb7 12. Bc2 Re8 13. Nf1 Bf8 14. Ng3 g6 15.
Bg5 h6 16. Bc1 Bg7 17. Nh2 d5 18. dxe5 Nxe4 19. Nxe4 dxe4 20. Bxe4 Bxe4 21. Rxe4
Nxe5 22. Bf4 Qxd1+ 23. Rxd1 Nc4 24. Rxe8+ Rxe8 25. Bc1 Re2 26. b3 Nd6 27. a3 h5
28. Nf3 Bxc3 29. Bf4 Rb2 30. Bxd6 cxd6 31. Rxd6 a5 32. Rd3 Rxb3 33. Nd4 Rb1+ 34.
Kh2 b4 35. axb4 Bxb4 36. Nc2 Bc5 37. Rd5 Bxf2 38. Rxa5 h4 39. g4 hxg3+ 40. Kg2
Rg1+ 41. Kf3 Rh1 42. Nb4 Rxh3 43. Nd3 g2+ 44. Kxf2 Rxd3 45. Kxg2 Kg7 46. Ra7 g5
47. Rb7 Kg6 48. Rb8 f5 49. Rb6+ Kh5 50. Rb4 f4 0-1

[Event "Chigorin Memorial"]
[Site "St Petersburg RUS"]
[Date "2013.10.07"]
[Round "3.54"]
[White "Akhmetov, Ayan"]
[Black "Kostrikina, Anna"]
[Result "1-0"]
[BlackTitle "WFM"]
[WhiteElo "2368"]
[BlackElo "2140"]
[WhiteFideId "13703706"]
[BlackFideId "4176219"]
[EventDate "2013.10.05"]

1. c4 Nf6 2. g3 e5 3. Bg2 Nc6 4. Nc3 Bb4 5. d3 O-O 6. Bd2 d6 7. Nf3 a5 8. O-O h6
9. a3 Bxc3 10. Bxc3 a4 11. d4 Ne4 12. Bb4 exd4 13. Nxd4 Re8 14. Nxc6 bxc6 15. f3
Ng5 16. h4 Nh7 17. Qd3 Qe7 18. e4 Nf6 19. Rfe1 c5 20. Bc3 Rb8 21. Rad1 Nd7 22.
f4 Nb6 23. e5 Bg4 24. exd6 Qxd6 25. Rxe8+ Rxe8 26. Qxd6 cxd6 27. Rxd6 Nxc4 28.
Ra6 Rb8 29. Bd5 Nxb2 30. Rg6 Be6 31. Rxg7+ Kf8 32. Bf6 Rb6 33. Rh7 Ke8 34. Be4
Kd7 35. Rxh6 Bg4 36. Bg7 Rb3 37. Bc6+ Kc8 38. Be5 1-0

[Event "Chigorin Memorial"]
[Site "St Petersburg RUS"]
[Date "2013.10.07"]
[Round "3.55"]
[White "Romanko, Marina"]
[Black "Yudkevich, Mikhail"]
[Result "1-0"]
[WhiteTitle "IM"]
[WhiteElo "2359"]
[BlackElo "2121"]
[WhiteFideId "4149351"]
[BlackFideId "4134486"]
[EventDate "2013.10.05"]

1. d4 e6 2. c4 d5 3. Nc3 f5 4. Bf4 c6 5. e3 Nf6 6. h3 Be7 7. Nf3 Nbd7 8. Bd3 Ne4
9. Qc2 O-O 10. Ne5 Bh4 11. O-O Nxe5 12. Bxe5 Bd7 13. Ne2 Be8 14. f3 Nd6 15. Rac1
Bg5 16. Bf4 Be7 17. c5 Nf7 18. e4 g5 19. Bd2 Nh6 20. exd5 exd5 21. h4 Kg7 22.
hxg5 Bxg5 23. Bf4 Bg6 24. Qd2 Nf7 25. Bxg5 Nxg5 26. Nf4 Qf6 27. Bc2 Rfe8 28.
Rce1 Rxe1 29. Rxe1 Re8 30. Rxe8 Bxe8 31. Qe3 Bg6 32. b4 a6 33. Kf2 Kf7 34. a4
Ne6 35. Nxe6 Qxe6 36. Qf4 Ke7 37. Bd3 Qd7 38. Be2 Kd8 39. Qe5 Kc8 40. Bd3 Qf7
41. f4 Qd7 42. Qf6 Kc7 43. g3 Kb8 44. Ke3 Kc8 45. Qf8+ Kc7 46. Kd2 Qe6 47. g4
fxg4 48. f5 Qf7 49. Qd6+ Kc8 50. fxg6 Qf2+ 51. Kc3 Qe1+ 52. Kc2 Qf2+ 53. Kb3 Qe3
54. Qf8+ Kc7 55. Qg7+ Kc8 56. Qh8+ Kc7 57. Qxh7+ Kb8 58. g7 1-0

[Event "Chigorin Memorial"]
[Site "St Petersburg RUS"]
[Date "2013.10.07"]
[Round "3.57"]
[White "Savitskiy, Sergey"]
[Black "Grachev, Andrey"]
[Result "1-0"]
[WhiteTitle "FM"]
[WhiteElo "2354"]
[BlackElo "2110"]
[WhiteFideId "24105660"]
[BlackFideId "24138290"]
[EventDate "2013.10.05"]

1. e4 e6 2. d3 d5 3. Nd2 Nf6 4. g3 g6 5. Bg2 Bg7 6. Ngf3 O-O 7. O-O c5 8. Re1
Nc6 9. c3 b6 10. Qc2 Bb7 11. Nf1 Ne7 12. e5 Nd7 13. h4 Nc6 14. Bf4 Qc7 15. Qe2
Rae8 16. N1h2 Ne7 17. Ng4 Nf5 18. Qd2 Bc8 19. d4 Qb7 20. Bg5 f6 21. exf6 Nxf6
22. Nxf6+ Bxf6 23. Bxf6 Rxf6 24. Ne5 Ref8 25. b4 Qc7 26. a4 Nd6 27. Ng4 Nc4 28.
Nxf6+ Rxf6 29. Qe2 cxb4 30. cxb4 Qd6 31. b5 Qb4 32. Rab1 Qf8 33. Rb3 Kg7 34. f4
Bb7 35. Rc3 Bc8 36. Rec1 Qe7 37. Bxd5 1-0

[Event "Chigorin Memorial"]
[Site "St Petersburg RUS"]
[Date "2013.10.07"]
[Round "3.58"]
[White "Tologontegin, Semetey"]
[Black "Zherebtsova, Alexandra"]
[Result "1-0"]
[WhiteTitle "FM"]
[WhiteElo "2350"]
[BlackElo "2078"]
[WhiteFideId "13800574"]
[BlackFideId "24129518"]
[EventDate "2013.10.05"]

1. f4 d5 2. Nf3 g6 3. g3 Bg7 4. Bg2 Nf6 5. O-O O-O 6. d3 c5 7. c3 Nc6 8. Qc2 d4
9. Na3 Nd5 10. Bd2 Bf5 11. Rae1 Qd7 12. Ng5 Rad8 13. Nc4 b5 14. Na3 c4 15. Nxb5
dxc3 16. bxc3 cxd3 17. exd3 Nc7 18. Nd4 Nxd4 19. cxd4 Bxd4+ 20. Be3 Bxe3+ 21.
Rxe3 Qd4 22. Qf2 Nd5 23. Bxd5 Qxd5 24. Rxe7 Bxd3 25. Rd1 a6 26. g4 Qc4 27. Re3
Bc2 28. Rc1 Rd1+ 29. Rxd1 Bxd1 30. Ne4 Qc2 31. Qh4 f5 32. Nf6+ Rxf6 33. Qxf6 Qc5
34. Qe6+ Kg7 35. gxf5 gxf5 36. Qe7+ Qxe7 37. Rxe7+ 1-0

[Event "Chigorin Memorial"]
[Site "St Petersburg RUS"]
[Date "2013.10.07"]
[Round "3.59"]
[White "Korchagina, Viktoria"]
[Black "Palachev, Petr"]
[Result "0-1"]
[WhiteTitle "WFM"]
[BlackTitle "FM"]
[WhiteElo "2079"]
[BlackElo "2348"]
[WhiteFideId "4197224"]
[BlackFideId "24129003"]
[EventDate "2013.10.05"]

1. e4 d6 2. d4 Nf6 3. Nc3 g6 4. f4 Bg7 5. Nf3 O-O 6. Be2 c5 7. dxc5 Qa5 8. O-O
Qxc5+ 9. Kh1 Nc6 10. Qe1 Bg4 11. h3 Bxf3 12. Bxf3 Nd4 13. Qf2 e5 14. Be3 Qc4 15.
Bxd4 exd4 16. Nd5 Nxd5 17. exd5 d3 18. c3 Qxf4 19. Rfd1 Be5 20. Kg1 Qh2+ 21. Kf1
Bf4 22. Rxd3 Rfe8 23. Qg1 Qg3 24. Be2 Be3 0-1

[Event "Chigorin Memorial"]
[Site "St Petersburg RUS"]
[Date "2013.10.07"]
[Round "3.60"]
[White "Biriukov, Oleg V."]
[Black "Gogin, Maksim"]
[Result "0-1"]
[WhiteTitle "IM"]
[WhiteElo "2328"]
[BlackElo "2075"]
[WhiteFideId "4123174"]
[BlackFideId "24195871"]
[EventDate "2013.10.05"]

1. d4 Nf6 2. c4 c5 3. d5 b5 4. cxb5 a6 5. bxa6 g6 6. Nc3 Bxa6 7. g3 d6 8. Bg2
Nbd7 9. Nf3 Bg7 10. Rb1 Nb6 11. b3 Bc8 12. Nh4 h6 13. Qd3 Qd7 14. O-O g5 15. Nf3
Bb7 16. Ne1 O-O 17. h3 Rfb8 18. Nc2 e6 19. dxe6 Qxe6 20. e4 Ba6 21. Qd2 Bxf1 22.
Kxf1 Nfd7 23. Bb2 Nc4 24. bxc4 Qxc4+ 25. Kg1 Bxc3 26. Bxc3 Rxb1+ 27. Kh2 Ne5 28.
Ne3 Qd3 29. Qxd3 Nxd3 30. e5 Rd8 31. exd6 Rxd6 32. Nf5 Ra6 33. Bd5 Rc1 34. Bg7
c4 35. Bxh6 Rxa2 0-1